000
00295nam a2200121Ia 4500
008
220204s9999 xx 000 0 und d
082
_a
021.4
_b
PRA
100
_a
Prasher, R G
245
0
_a
Introduction to reprography
260
_a
Delhi
_b
Researchco
_c
1975
650
_a
Reprography
942
_c
BK
999
_c
36578
_d
36578